赤道无风 (Record no. 30824)

000 -LEADER
fixed length control field 00507nam a22001937a 4500
003 - CONTROL NUMBER IDENTIFIER
control field MPLRDC
005 - DATE AND TIME OF LATEST TRANSACTION
control field 20220104142427.0
008 - FIXED-LENGTH DATA ELEMENTS--GENERAL INFORMATION
fixed length control field 210129b ||||| |||| 00| 0 eng d
020 ## - INTERNATIONAL STANDARD BOOK NUMBER
International Standard Book Number 957-8792-01-8
082 ## - DEWEY DECIMAL CLASSIFICATION NUMBER
Classification number 719 XRX v.5 c.2
100 ## - MAIN ENTRY--PERSONAL NAME
Personal name 徐仁修
245 ## - TITLE STATEMENT
Title 赤道无风
Statement of responsibility, etc.
250 ## - EDITION STATEMENT
Edition statement 再版八刷
260 ## - PUBLICATION, DISTRIBUTION, ETC.
Place of publication, distribution, etc.
Name of publisher, distributor, etc. 大树文化事业股份有限公司
Date of publication, distribution, etc. 1997
300 ## - PHYSICAL DESCRIPTION
Other physical details
490 ## - SERIES STATEMENT
Series statement 蛮荒探险文学系列. 5-北婆罗洲
650 ## - SUBJECT ADDED ENTRY--TOPICAL TERM
Topical term or geographic name entry element 世界游记
942 ## - ADDED ENTRY ELEMENTS (KOHA)
Koha item type Book
-- 719 XRX v.5 c.2
Holdings
Withdrawn status Lost status Source of classification or shelving scheme Damaged status Not for loan Collection code Home library Current library Shelving location Date acquired Cost, normal purchase price Total Checkouts Full call number Barcode Date last seen Date last checked out Price effective from Koha item type Public note
            Malaysian Public Library, Research and Development Centre Malaysian Public Library, Research and Development Centre   10/12/2007 26.60   719 XRX v.5 c.2 00030911 18/03/2021 21/08/2016 18/03/2021 Book mplrdc

© 2022. Malaysian Public Library, Research and Development Centre. All Right ReservedE-mailmplrdc@help.edu.my 

Powered by Koha